Every Song by the Mighty Mighty Bosstones - Statistics

General Stats
  • This quiz has been taken 3 times
  • The average score is 58 of 162
Answer Stats
Album Song % Correct
A Jackknife to a Swan(2002) A Jackknife to a Swan
100%
Devil's Night Out(1990) Devil's Night Out
100%
Don't Know How to Party(1993) Don't Know How to Party
100%
Let's Face It(1997) Let's Face It
100%
The Magic of Youth(2011) The Magic of Youth
100%
Question the Answers(1994) 365 Days
67%
Question the Answers(Bonus)(1994) Chocolate Pudding
67%
More Noise and Other Disturbances(1992) Cowboy Coffee
67%
Ska-Core, the Devil, and More(1993) Drugs and Kittens
67%
Devil's Night Out(1990) Drunks and Children
67%
Devil's Night Out(1990) Haji
67%
Don't Know How to Party(1993) Holy Smoke
67%
Devil's Night Out(1990) Hope I Never Lose My Wallet
67%
Don't Know How to Party(1993) Illegal Left
67%
Medium Rare(2007) Is It?
67%
Question the Answers(1994) Kinder Words
67%
Don't Know How to Party(1993) Last Dead Mouse
67%
When God Was Great(2021) M O V E
67%
Don't Know How to Party(1993) | Ska-Core, the Devil, and More(1993) Someday I Suppose
67%
Question the Answers(1994) Stand Off
67%
Let's Face It(1997) The Impression That I Get
67%
Let's Face It(1997) The Rascal King
67%
Question the Answers(1994) Toxic Toast
67%
When God Was Great(2021) When God Was Great
67%
More Noise and Other Disturbances(1992) Where'd You Go
67%
Let's Face It(1997) 1-2-8
33%
While We're at It(2018) After the Music Is Over
33%
Devil's Night Out(1990) A Little Bit Ugly
33%
Pay Attention(2000) Allow Them
33%
Pay Attention(2000) All Things Considered
33%
Don't Know How to Party(1993) Almost Anything Goes
33%
Don't Know How to Party(1993) A Man Without
33%
Let's Face It(1997) Another Drinkin' Song
33%
Pin Points and Gin Joints(2009) A Pretty Sad Excuse
33%
Medium Rare(2007) A Reason to Toast
33%
Question the Answers(1994) A Sad Silence
33%
Let's Face It(Bonus)(1997) At It Again
33%
More Noise and Other Disturbances(1992) Awfully Quiet
33%
More Noise and Other Disturbances(1992) Bad in Plaid
33%
Pay Attention(2000) Bad News and Bad Breaks
33%
Let's Face It(1997) Break So Easily
33%
Question the Answers(1994) Bronzing the Garbage
33%
When God Was Great(2021) Bruised
33%
When God Was Great(2021) Certain Things
33%
A Jackknife to a Swan(2002) Chasing the Sun Away
33%
When God Was Great(2021) Decide
33%
Let's Face It(1997) Desensitized
33%
The Magic of Youth(2011) Disappearing
33%
While We're at It(2018) Divide
33%
Question the Answers(1994) Dogs and Chaplains
33%
Question the Answers(1994) Dollar and a Dream
33%
Medium Rare(2007) Don't Worry Desmond Dekker
33%
Devil's Night Out(1990) Do Somethin' Crazy
33%
More Noise and Other Disturbances(1992) Dr. D
33%
A Jackknife to a Swan(2002) Everybody's Better
33%
Medium Rare(2007) Favorite Records
33%
Pay Attention(2000) Finally
33%
A Jackknife to a Swan(2002) Go Big
33%
Pin Points and Gin Joints(2009) Graffiti Worth Reading
33%
While We're at It(2018) Green Bay, Wisconsin
33%
More Noise and Other Disturbances(1992) Guns and the Young
33%
Question the Answers(1994) Hell of a Hat
33%
While We're at It(2018) Here We Are
33%
More Noise and Other Disturbances(1992) He's Back
33%
Pay Attention(2000) High School Dance
33%
Devil's Night Out(1990) Howwhywuz, Howwhyam
33%
While We're at It(2018) Hugo's Wife
33%
When God Was Great(2021) I Don't Believe in Anything
33%
Pay Attention(2000) I Know More
33%
More Noise and Other Disturbances(1992) I'll Drink to That
33%
Don't Know How to Party(1993) Issachar
33%
More Noise and Other Disturbances(1992) It Can't Hurt
33%
Pin Points and Gin Joints(2009) It Will Be
33%
A Jackknife to a Swan(2002) I Want My City Back
33%
Pin Points and Gin Joints(2009) I Wrote It
33%
Question the Answers(1994) Jump Through the Hoops
33%
Medium Rare(2007) Katie
33%
Pay Attention(2000) Let Me Be
33%
When God Was Great(2021) Lonely Boy
33%
A Jackknife to a Swan(2002) Mr. Moran
33%
Pin Points and Gin Joints(2009) Nah, Nah, Nah, Nah, Nah
33%
Let's Face It(1997) Nevermind Me
33%
Pay Attention(Bonus)(2000) New England Memories
33%
Let's Face It(1997) Noise Brigade
33%
Pin Points and Gin Joints(2009) Not to Me on That Night
33%
Let's Face It(1997) Numbered Days
33%
Pay Attention(2000) One Million Reasons
33%
The Magic of Youth(2011) Open and Honest
33%
Don't Know How to Party(1993) Our Only Weapon
33%
Pay Attention(2000) Over the Eggshells
33%
Devil's Night Out(1990) Patricia
33%
Question the Answers(1994) Pictures to Prove It
33%
Question the Answers(Bonus)(1994) Pirate Ship
33%
Pay Attention(2000) Riot on Broad Street
33%
Let's Face It(1997) Royal Oil
33%
Don't Know How to Party(1993) Seven Thirty Seven/Shoe Glue
33%
A Jackknife to a Swan(2002) Seven Ways to Sunday
33%
Pay Attention(2000) She Just Happened
33%
A Jackknife to a Swan(2002) Shit Outta Luck
33%
Pin Points and Gin Joints(2009) Sister Mary
33%
Medium Rare(2007) So Many Ways
33%
Pay Attention(2000) So Sad to Say
33%
A Jackknife to a Swan(2002) Sugar Free
33%
The Magic of Youth(2011) Sunday Afternoons on Wisdom Ave.
33%
Pay Attention(2000) Temporary Trip
33%
Let's Face It(1997) That Bug Bit Me
33%
The Magic of Youth(2011) The Ballad of Candlepin Paul
33%
Devil's Night Out(1990) The Bartender's Song
33%
Pin Points and Gin Joints(2009) The Bricklayer's Story
33%
Devil's Night Out(1990) The Cave
33%
While We're at It(2018) The Constant
33%
Pay Attention(2000) The Day He Didn't Die
33%
The Magic of Youth(2011) The Daylights
33%
Pin Points and Gin Joints(2009) The Death Valley Vipers
33%
When God Was Great(2021) The Final Parade
33%
The Magic of Youth(2011) The Horseshoe and the Rabbit's Foot
33%
While We're at It(2018) The Mad Dash
33%
Pay Attention(Bonus)(2000) The Meaning
33%
A Jackknife to a Swan(2002) The Old School Off the Bright
33%
Medium Rare(2007) The One with the Woes All Over It
33%
The Magic of Youth(2011) The Package Store Petition
33%
A Jackknife to a Swan(2002) The Punch Line
33%
Pin Points and Gin Joints(2009) The Route That I Took
33%
Pay Attention(2000) The Skeleton Song
33%
The Magic of Youth(2011) The Upper Hand
33%
More Noise and Other Disturbances(1992) They Came to Boston
33%
The Magic of Youth(2011) They Will Need Music
33%
Medium Rare(2007) This List
33%
Medium Rare(2007) This Time of Year
33%
Medium Rare(2007) To California
33%
Pin Points and Gin Joints(2009) Too Many Stars
33%
While We're at It(2018) Unified
33%
Pin Points and Gin Joints(2009) Wasted Summers
33%
Question the Answers(1994) We Should Talk
33%
More Noise and Other Disturbances(1992) What's at Stake
33%
Don't Know How to Party(1993) What Was Was Over
33%
Pay Attention(2000) Where You Come From
33%
While We're at It(2018) Wonderful Day for the Race
33%
A Jackknife to a Swan(2002) You Can't Win
33%
A Jackknife to a Swan(2002) You Gotta Go!
33%
When God Was Great(2021) You Had to Be There
33%
Pin Points and Gin Joints(2009) You Left Right?
33%
Pin Points and Gin Joints(2009) Your Life
33%
While We're at It(2018) Absolutely Wrong
0%
While We're at It(2018) Closer to Nowhere
0%
Pin Points and Gin Joints(Bonus)(2009) Feeling Today
0%
While We're at It(Bonus)(2018) He Kept Mum
0%
When God Was Great(2021) I Don't Want to Be You
0%
While We're at It(2018) In Honor Of
0%
The Magic of Youth(Bonus)(2011) I Should Have Said Something
0%
When God Was Great(2021) It Went Well
0%
Pay Attention(Bonus)(2000) Just As Much
0%
The Magic of Youth(2011) Like a Shotgun
0%
When God Was Great(2021) The Killing of Georgie (Part III)
0%
When God Was Great(2021) The Truth Hurts
0%
While We're at It(2018) The West Ends
0%
Pay Attention(Bonus)(2000) Together
0%
While We're at It(2018) Walked Like a Ghost
0%
When God Was Great(2021) What it Takes
0%
Medium Rare(2007) Who's Fooling Who?
0%
Let's Face It(Bonus)(1997) Wrong Thing Right Then
0%
No matching quizzes found
Score Distribution
Percent of People with Each Score
Percentile by Number Answered
Your Score History
You have not taken this quiz